[Event "73rd MNE-ch 2021"]
[Site "Podgorica"]
[Date "2021.05.05"]
[Round "3.16"]
[White "Petrovic, Slavko"]
[Black "Sabotic, Denis"]
[Result "1-0"]
[WhiteElo "1867"]
[BlackElo "1737"]
[Annotator "NA"]
[PlyCount "71"]
[EventDate "2021.05.03"]
[EventType "swiss"]
[EventCountry "MNE"]
[SourceTitle "playchess.com"]
[Source "ChessBase"]
[SourceQuality "1"]

1. Nf3 c5 2. c4 Nc6 3. Nc3 e6 4. e4 Qc7 5. d4 cxd4 6. Nxd4 Bb4 7. Ndb5 Qb8 8. a3 Be7 9. Be3 a6 10. Nd4 Nf6 11. Be2 O-O 12. O-O Qc7 13. Rc1 Ne5 14. f3 Ng6 15. Qd2 b6 16. b4 Rd8 17. f4 Qb7 18. e5 Ne8 19. Bf3 Qb8 20. Bxa8 Qxa8 21. Nf3 d6 22. Bxb6 Rd7 23. Qe3 dxe5 24. fxe5 Bb7 25. Rfd1 Rxd1+ 26. Rxd1 Qc8 27. c5 Bc6 28. Ne4 Nc7 29. Bxc7 Qxc7 30. Nd6 h5 31. Ng5 Nh4 32. Rd2 a5 33. Qf4 Bxg5 34. Qxg5 Nf5 35. Nxf5 exf5 36. Rd8+ 1-0

[Event "73rd MNE-ch 2021"]
[Site "Podgorica"]
[Date "2021.05.05"]
[Round "3.17"]
[White "Vujadinovic, Zeljko"]
[Black "Mosurovic, Milena"]
[Result "1/2-1/2"]
[WhiteElo "1859"]
[BlackElo "1428"]
[Annotator "NA"]
[PlyCount "70"]
[EventDate "2021.05.03"]
[EventType "swiss"]
[EventCountry "MNE"]
[SourceTitle "playchess.com"]
[Source "ChessBase"]
[SourceQuality "1"]

1. d4 d5 2. Nf3 Nf6 3. c3 e6 4. Bg5 Be7 5. Bxf6 Bxf6 6. e3 O-O 7. Bd3 Nd7 8. Nbd2 Re8 9. O-O e5 10. dxe5 Nxe5 11. Nxe5 Bxe5 12. Nf3 Bd6 13. Bc2 Bg4 14. Qd3 g6 15. Bd1 c5 16. Be2 Bf5 17. Qd2 Be4 18. Rad1 Qc7 19. g3 Rad8 20. Ne1 Bf5 21. Bf3 Be4 22. Bxe4 dxe4 23. Qe2 c4 24. Ng2 Be5 25. Rxd8 Rxd8 26. Rd1 Rd3 27. Ne1 Rxd1 28. Qxd1 Qa5 29. a3 Qb6 30. Qa4 Bf6 31. Qc2 Qc6 32. Qd2 b5 33. Nc2 Be7 34. Nb4 Bxb4 35. axb4 a6 1/2-1/2

[Event "73rd MNE-ch 2021"]
[Site "Podgorica"]
[Date "2021.05.06"]
[Round "4.1"]
[White "Draskovic, Luka"]
[Black "Djukic, Nikola"]
[Result "1/2-1/2"]
[WhiteElo "2472"]
[BlackElo "2515"]
[Annotator "RC"]
[PlyCount "191"]
[EventDate "2021.05.03"]
[EventType "swiss"]
[EventCountry "MNE"]
[SourceTitle "playchess.com"]
[Source "ChessBase"]
[SourceQuality "1"]

1. e4 c5 2. Nf3 d6 3. Bb5+ Nd7 4. d4 cxd4 5. Qxd4 a6 6. Bxd7+ Bxd7 7. O-O e5 8. Qd3 h6 9. a4 Rc8 10. c4 Nf6 11. Nc3 Be7 12. b3 O-O 13. Ba3 Be6 14. Rfd1 Qa5 15. Qd2 Rfe8 16. Nd5 Qxd2 17. Nxe7+ Rxe7 18. Nxd2 Rd7 19. Rac1 Rb8 20. a5 b5 21. axb6 Rxb6 22. f3 Rdb7 23. Rc3 a5 24. Rd3 Ne8 25. Ra1 f5 26. exf5 Bxf5 27. Re3 Bc2 28. c5 dxc5 29. Rxe5 Nf6 30. Bxc5 Rb5 31. Bd4 Rxe5 32. Bxe5 Nd7 33. Rxa5 Nxe5 34. Rxe5 Bxb3 35. Kf2 Bf7 36. g4 Rd7 37. Ne4 Bg6 38. Ng3 Rd2+ 39. Re2 Rd4 40. Rb2 Rc4 41. h3 Rc2+ 42. Rxc2 Bxc2 43. f4 Kf7 44. Ke3 Ke6 45. Kd4 g6 46. Ne4 Bb1 47. Nc5+ Kd6 48. Ne4+ Ke6 49. Nc3 Bc2 50. Nd5 Ba4 51. Ne3 Bc6 52. Kd3 Bb5+ 53. Kd2 Bc6 54. Ke2 Be4 55. Kf2 Kf6 56. Kg3 Ke6 57. h4 Bd3 58. Kf3 Bb1 59. Nf1 Bc2 60. Ke2 Kf6 61. Ng3 Bb1 62. h5 gxh5 63. Nxh5+ Kg6 64. Kf2 Bc2 65. Kg3 Ba4 66. f5+ Kg5 67. Nf4 Bd7 68. Nh3+ Kf6 69. Kf4 Bb5 70. Nf2 Be2 71. Ne4+ Kf7 72. Kg3 Bd3 73. Kf4 Be2 74. Ng3 Bd1 75. Nh5 Be2 76. Kg3 Bb5 77. Kh4 Bd7 78. Nf4 Kf6 79. Ne6 Be8 80. Nc5 Ke5 81. Nd3+ Kf6 82. Nf4 Bd7 83. Nd5+ Ke5 84. Ne3 Kf4 85. f6 Be6 86. Nf5 Ke5 87. Ng7 Bf7 88. g5 hxg5+ 89. Kxg5 Ba2 90. Kg6 Bb1+ 91. Kf7 Ba2+ 92. Ke7 Bb3 93. Ne8 Ba2 94. Nd6 Bb3 95. f7 Bxf7 96. Nxf7+ 1/2-1/2

[Event "73rd MNE-ch 2021"]
[Site "Podgorica"]
[Date "2021.05.06"]
[Round "4.1"]
[White "Karisik, Nenad"]
[Black "Lakusic, Zoran"]
[Result "1-0"]
[WhiteElo "2123"]
[BlackElo "1693"]
[Annotator "TA"]
[PlyCount "121"]
[EventDate "2021.05.03"]
[EventType "swiss"]
[EventCountry "MNE"]
[SourceTitle "playchess.com"]
[Source "ChessBase"]
[SourceQuality "1"]

{[%evp 9,121,111,116,110,108,75,89,72,102,111,83,104,113,116,108,21,47,39,68,20,19,26,17,14,30,16,31,17,28,0,58,58,59,61,86,71,121,121,121,121,121,126,126,126,126,122,127,117,223,219,231,220,253,252,312,316,378,363,456,455,429,442,471,472,572,633,633,628,723,718,739,732,1027,1001,868,832,797,783,953,977,1039,1025,1905,1725,1319,1310,1177,1160,1290,1216,1996,1979,2056,2047,1620,1416,10452,29966,29983,29984,29984,29985,29982,29983,29990,29988,29988,29989,29993,29992,29996,29997,29997,29998]} 1. e4 e5 2. Nf3 Nf6 3. Nxe5 Bd6 4. Nc4 Nxe4 5. d3 Nf6 6. Nxd6+ {C42: Petroff Defence: 3 Nxe5 and unusual White 3rd moves.} cxd6 7. Be2 Nc6 8. O-O {[#] White is better.} O-O $146 ({Predecessor:} 8... b6 9. Re1 O-O 10. d4 d5 11. Nc3 d6 12. Bg5 Be6 13. Bf3 h6 14. Nxd5 Bxd5 15. Bxd5 hxg5 16. Bxc6 {1-0 (62) Backer,J (1571)-Potzel,C (1105) Schney 2006}) 9. Bg5 h6 10. Bh4 Nd4 11. Nc3 Nf5 12. Bg3 (12. Bxf6 $16 Qxf6 13. Bg4) 12... Nxg3 13. hxg3 Qb6 14. Rb1 d5 15. Bf3 d4 16. Nd5 Nxd5 17. Bxd5 d6 $1 18. Re1 $36 {[%mdl 2048] White has good play.} Qc5 19. Bb3 d5 ({Better is} 19... Be6 $11) 20. Re5 $14 Be6 21. f4 Qd6 {White stays focused until the end.} 22. Qe2 Rfe8 {White must now prevent ...f6.} 23. Re1 Bd7 24. Qf2 Rxe5 25. Rxe5 Bc6 26. Qxd4 f6 27. Re1 ({Don't play} 27. Rxd5 $6 Bxd5 28. Bxd5+ (28. Qxd5+ Qxd5 29. Bxd5+ Kf8 $11) 28... Kh8 $11) 27... a5 {Hoping for ...a4.} 28. a4 Qb4 (28... Kf7 $16 {might work better.} 29. c3 Kg6) 29. Qxb4 $18 axb4 {[%mdl 4096] Endgame [#] KRB-KRB} 30. Re4 $1 Kh8 31. Rxb4 Re8 32. Kf2 g5 33. Rd4 Rc8 34. c3 Ra8 35. Bxd5 gxf4 36. gxf4 Bxa4 37. Bxb7 Ra7 38. Be4 Kg7 39. b4 Be8 40. Rd8 Ra2+ 41. Ke3 Bh5 42. Rd7+ Kf8 43. Rh7 Re2+ 44. Kd4 Rf2 45. Rxh6 Bf7 46. Rxf6 Ke7 {[#]} 47. Ke3 $1 {[%mdl 512]} Rc2 48. Rc6 Bh5 49. b5 Re2+ 50. Kd4 Be8 51. Rc5 Rb2 52. c4 Kd6 53. Re5 Bd7 {White mates.} 54. c5+ Kc7 55. b6+ Kd8 56. c6 Bg4 57. Rg5 Be6 58. Kc5 Kc8 59. Rh5 Rc2+ 60. Kd6 Bg8 61. Rh8 {[%cal Rh8g8] Weighted Error Value: White=0.10/Black=0.23} 1-0

[Event "73rd MNE-ch 2021"]
[Site "Podgorica"]
[Date "2021.05.06"]
[Round "4.2"]
[White "Kalezic, Blazo"]
[Black "Djurovic, Peko"]
[Result "1-0"]
[WhiteElo "2456"]
[BlackElo "2058"]
[Annotator "TA"]
[PlyCount "127"]
[EventDate "2021.05.03"]
[EventType "swiss"]
[EventCountry "MNE"]
[SourceTitle "playchess.com"]
[Source "ChessBase"]
[SourceQuality "1"]

{[%evp 15,127,16,10,0,22,0,1,0,27,13,17,0,29,-10,-8,6,-8,-11,0,0,-16,-17,0,-16,0,0,0,0,0,8,20,0,0,0,0,-36,-17,-22,-46,-33,-24,-19,0,0,0,0,0,0,23,-23,63,9,75,63,75,68,84,77,98,77,155,158,233,218,259,266,274,246,262,234,226,226,233,243,229,223,253,252,264,254,410,277,631,613,549,264,250,156,166,131,135,91,100,65,65,67,127,77,133,88,137,137,137,137,153,153,153,153,215,78,709,668,29982,29977]} 1. Nf3 Nf6 2. b3 d5 3. g3 e6 4. Bg2 Be7 5. O-O O-O 6. Bb2 Nbd7 7. d3 b6 8. Nbd2 Bb7 9. Re1 {A05: Réti Opening: 1 Nf3 Nf6.} c5 10. c3 Qc7 11. e4 {[#] The position is equal.} Rfe8 $146 ({Predecessor:} 11... dxe4 12. dxe4 Ng4 13. Qc2 Rad8 14. Re2 Bf6 15. Ne1 Ba6 16. c4 Bxb2 17. Qxb2 Nge5 {0-1 (36) Nedela,V (2322)-Hosek,M (2289) Czech Republic 2011}) 12. e5 Ng4 {[%cal Rg4e5]} 13. Qe2 f6 14. Ng5 Ndxe5 15. Nxe6 Qd7 16. Nf4 Bf8 {aiming for ...c4!} 17. h3 $1 {[%cal Rh3g4]} Nh6 18. Qf1 Rad8 19. Rad1 Qf7 20. d4 cxd4 21. cxd4 Ng6 22. Nxg6 hxg6 23. a3 Nf5 24. Qd3 Nd6 25. Nf1 Ne4 26. Re2 Bd6 27. Rde1 f5 28. Nh2 Rc8 29. Nf3 Re7 30. Ne5 Bxe5 31. dxe5 Qe6 32. Kh2 Kf7 (32... Nc5 $11 33. Qd1 d4) 33. Bd4 (33. b4 $14) 33... Rec7 (33... g5 $11) 34. f3 $16 Nc5 35. Qe3 Nd7 36. h4 Nf8 37. Qd3 g5 (37... Kg8 $142) 38. hxg5 Ng6 (38... g6 $16 39. f4 Kg8) 39. f4 $18 Rh8+ 40. Kg1 Ne7 41. Bf3 Rcc8 42. Rh2 Rxh2 43. Kxh2 g6 44. Kg2 Nc6 45. Bf2 Nd8 46. Rh1 Kg7 47. Bd4 Rc7 $2 (47... Nc6 48. Bb2 Na5) 48. Rh4 {[#] Threatens to win with g4.} Nc6 $2 (48... Kg8 49. g4 Rh7) 49. g4 Ne7 50. Kg3 (50. Qb1 $142 Rc8 51. Qh1) 50... Rc8 51. Qb1 Rh8 52. Rxh8 Kxh8 53. Qd1 Kg8 54. gxf5 Nxf5+ 55. Kf2 Qc6 ({Black should try} 55... Qf7 $14) 56. Qd2 Kf7 (56... Qb5 $142) 57. b4 Qc4 58. Bb2 Ke6 {[#]} 59. Qc1 $1 {[%cal Rc1c4] Black must now prevent Qxc4.} Qb3 60. Qc3 $36 {[%mdl 2048] White is in control.} Qa2 {intending ...d4.} 61. Qc2 Kf7 (61... b5 $16 {might work better.} 62. Ke1 a6) 62. b5 (62. e6+ $18 {is more deadly.} Kxe6 63. Be2) 62... Kf8 $2 {[%mdl 8192]} (62... Bc8 $16) 63. e6 {Hoping for Bg7+!} Nd4 64. Qc3 {[%mdl 64] Decoy.  Weighted Error Value: White=0.21/Black=0.40} 1-0

[Event "73rd MNE-ch 2021"]
[Site "Podgorica"]
[Date "2021.05.06"]
[Round "4.3"]
[White "Pecurica, Milos"]
[Black "Tomic, Aleksandar"]
[Result "1/2-1/2"]
[WhiteElo "2328"]
[BlackElo "2377"]
[Annotator "TA"]
[PlyCount "74"]
[EventDate "2021.05.03"]
[EventType "swiss"]
[EventCountry "MNE"]
[SourceTitle "playchess.com"]
[Source "ChessBase"]
[SourceQuality "1"]

{[%evp 10,74,30,28,32,37,15,-17,-10,-33,-27,-37,0,-7,-2,-15,-14,0,0,0,0,0,0,0,25,6,17,15,25,28,66,69,61,62,122,102,124,80,131,66,63,65,80,85,84,80,90,85,84,71,72,56,82,75,123,124,185,164,173,0,0,0,0,0,0,0,2]} 1. d4 Nf6 2. c4 g6 3. f3 Bg7 4. e4 O-O 5. Be3 d6 6. Ne2 a6 {now supersedes 6...c5. E60: King's Indian: Unusual lines and Fianchetto Variation without Nc3.} 7. Qd2 b5 {[#]} 8. cxb5 $146 ({Predecessor:} 8. Ng3 c6 9. Be2 bxc4 10. Bxc4 d5 11. Be2 dxe4 12. fxe4 Ng4 13. Bxg4 Bxg4 14. O-O {1-0 (31) Villegas,P (2367)-Yanayt,E (2100) Chess.com INT 2021}) 8... axb5 9. Na3 {[%cal Bb1a3,Ba3c2,Bc2b4][%mdl 32]} c6 10. Nc2 Be6 11. Nc3 Qa5 12. a3 Bb3 13. Rc1 Nbd7 14. Nb4 Rfc8 15. d5 $1 cxd5 16. exd5 {Hoping for Nc6.} Ne5 17. Bxb5 e6 18. dxe6 Bxe6 {...Rxc3! is the strong threat.} 19. Be2 Nc4 20. Bxc4 Bxc4 21. Kf2 Qf5 {[#]} (21... Qe5 $14) 22. h3 $1 $16 d5 {With the idea ...Ne4+.} 23. g4 Qe5 (23... Qd7 $142) 24. Bf4 (24. Kg2 $16) 24... Qe6 25. Rhe1 Qb6+ 26. Kg2 d4 27. Ne4 Nxe4 28. Rxe4 Be6 29. Rxc8+ Rxc8 30. Be5 f5 31. Re1 ({But not} 31. Bxd4 $6 Qd6 $11) 31... fxg4 32. hxg4 Bf8 (32... Bxe5 $16 33. Rxe5 Rd8) 33. Bxd4 Rd8 {[#]} 34. Qe3 Rxd4 $11 {The position is equal.} 35. Qxe6+ Qxe6 36. Rxe6 Rd2+ 37. Kf1 Rxb2 {Weighted Error Value: White=0.13/Black=0.13} 1/2-1/2

[Event "73rd MNE-ch 2021"]
[Site "Podgorica"]
[Date "2021.05.06"]
[Round "4.3"]
[White "Dedeic, Huso"]
[Black "Malisic, Miroslav"]
[Result "1/2-1/2"]
[WhiteElo "1980"]
[BlackElo "1832"]
[Annotator "TA"]
[PlyCount "128"]
[EventDate "2021.05.03"]
[EventType "swiss"]
[EventCountry "MNE"]
[SourceTitle "playchess.com"]
[Source "ChessBase"]
[SourceQuality "1"]

{[%evp 9,128,28,29,29,21,29,31,-75,9,0,2,0,15,-35,-43,-59,-43,-59,-47,-103,0,0,0,-138,-140,-145,-152,-145,-137,-139,-143,-137,-142,-142,-163,-151,-133,-161,-76,-108,-110,-167,-184,-183,-181,-169,-132,-214,-214,-214,-210,-186,-202,-220,-211,-215,-209,-189,-180,-255,-238,-231,-3,-3,0,-25,0,0,-4,-11,-6,-6,0,0,0,0,0,0,0,0,0,0,0,0,0,0,0,0,0,0,0,0,0,0,0,0,0,0,0,0,0,0,0,0,0,0,0,0,0,0,0,0,0,0,0,0,0,0,0,0,0]} 1. Nf3 Nc6 2. d4 d5 3. c4 Bf5 4. Nc3 e6 5. a3 Nf6 6. Bg5 {D06: Queen's Gambit: Symmetrical and Baltic Defences.} Be7 7. e3 O-O 8. Ne5 {[#]} (8. Rc1 $14) 8... Ne4 $146 (8... Nxe5 $17 9. dxe5 Ne4 10. Nxe4 Bxe4 11. Bxe7 Qxe7) ({Predecessor:} 8... Nxe5 9. dxe5 Nd7 10. Bf4 c6 11. g4 Bg6 12. Bg3 Bh4 13. f4 Nc5 14. Be2 Bxg3+ 15. hxg3 {0-1 (24) Cekan,P (1966)-Tscharotschkin,M (2124) Klatovy 2018}) 9. Nxc6 $11 bxc6 10. Bxe7 Qxe7 11. Nxe4 Bxe4 12. f3 Bg6 13. c5 Rfb8 14. b3 (14. Ra2 $15) 14... Qg5 (14... e5 $1 $17 {[%cal Re5d4]} 15. dxe5 Qxe5) 15. Kf2 e5 {Strongly threatening ...exd4.} 16. Bd3 (16. h4 $11 Qe7 17. h5) 16... exd4 $17 17. exd4 Qh4+ 18. Kf1 Qxd4 19. Bxg6 Qxd1+ 20. Rxd1 hxg6 {[%mdl 4096] Endgame KRR-KRR} 21. Rd3 Rb5 22. Kf2 Rxc5 23. Re1 Rb5 (23... Rc2+ $19 {has better winning chances.} 24. Kg3 a5) 24. Re7 Rb7 $1 25. f4 (25. Re1 $17) 25... Kf8 $19 26. Re1 {[#]} Re8 $1 27. Rc1 Re6 28. g4 (28. Rc5 $17) 28... Ke7 29. Rc5 Kd7 30. b4 Rb8 31. Ra5 Rh8 32. h3 Re4 33. Kg3 d4 34. Re5 {[#]} (34. Rc5 {was necessary.}) 34... Re8 $1 35. Rxe8 Rxe8 ({Better is} 35... Kxe8 $19 36. f5 gxf5 37. gxf5 Ke7) 36. Rxd4+ {KR-KR} Kc8 37. Rd3 Re7 38. Kf3 {The position is equal.} Kb7 39. Rc3 Kb6 40. h4 Re6 41. h5 gxh5 42. gxh5 a5 43. bxa5+ Kxa5 44. f5 Rh6 (44... Rd6 {keeps more tension.} 45. Ke4 f6 46. Rg3 Rd7 47. Rg6 Rf7) 45. Kg4 Kb5 46. Rb3+ Kc5 47. a4 Rd6 48. a5 Rd4+ $1 49. Kg5 {f6 is the strong threat.} Ra4 50. f6 (50. h6 {seems wilder.} gxh6+ 51. Kf6 Rxa5 52. Kxf7 Kd4 53. f6) 50... gxf6+ 51. Kxf6 Rxa5 52. h6 {Black must now prevent h7.} Kd4 53. Rh3 (53. Rb4+ {is more complex.} Kd3 54. h7 Rh5 55. Kg7 c5 56. Rb3+) 53... c5 {[%cal Bc6c5,Bc5c4,Bc4c3,Bc3c2][%mdl 32]} 54. h7 (54. Rh4+ {with more complications.} Kd3 55. Rh5 Ra6+ 56. Ke5 Ra8 57. Kd5) 54... Ra8 55. h8=Q (55. Rh4+ {seems wilder.} Kd3 56. Ke5 Rh8 57. Rh3+ Kd2 58. Kd5) 55... Rxh8 56. Rxh8 $11 {KR-K3P} c4 57. Rh4+ Kd3 58. Rh3+ Kd2 59. Ke5 {Threatening mate with Kd4.} c3 {aiming for ...c2.} 60. Kd4 (60. Ke4 {feels hotter.} c2 61. Rd3+ Ke1 62. Rc3 Kd2 63. Rxc7 c1=Q 64. Rxc1 Kxc1 65. Kf4) 60... c5+ 61. Kxc5 c2 62. Rh2+ Kd1 63. Rh1+ Kd2 64. Rh2+ Kd1 {Whites escaped into a draw.  Weighted Error Value: White=0.14/Black=0.14} 1/2-1/2

[Event "73rd MNE-ch 2021"]
[Site "Podgorica"]
[Date "2021.05.06"]
[Round "4.4"]
[White "Blagojevic, Dragisa"]
[Black "Nikac, Predrag"]
[Result "1/2-1/2"]
[WhiteElo "2481"]
[BlackElo "2318"]
[Annotator "TA"]
[PlyCount "79"]
[EventDate "2021.05.03"]
[EventType "swiss"]
[EventCountry "MNE"]
[SourceTitle "playchess.com"]
[Source "ChessBase"]
[SourceQuality "1"]

{[%evp 17,79,16,42,36,76,51,89,67,89,50,48,22,87,84,118,56,56,56,55,48,83,60,64,0,0,0,0,0,0,-2,-2,-64,-26,-35,-8,-5,-5,-8,-2,-2,-8,-10,-4,-20,-20,-28,-4,-8,-17,-20,0,-20,-20,-27,0,0,0,0,0,0,0,0,0,-21]} 1. d4 g6 2. c4 Bg7 3. Nf3 f5 4. g3 Nf6 5. Bg2 O-O 6. O-O d6 7. Nc3 c6 8. d5 Bd7 9. Rb1 a5 10. Nd4 {A88: Dutch Defence: Leningrad System: 5 Nf3 0-0 6 0-0 d6 7 Nc3 c6.} Ng4 {[#]} 11. e3 $146 ({Predecessor:} 11. h3 Ne5 12. b3 Na6 13. Kh2 Nc7 14. f4 c5 15. Ndb5 Bxb5 16. cxb5 Nd7 17. Qd3 Bxc3 18. Qxc3 Nxb5 {1-0 (61) Gustafsson,J (2603)-Vallejo Pons,F (2684) Plovdiv 2008}) 11... Qe8 12. b3 {White is better.} Na6 13. Bb2 Nc5 14. Ba1 g5 (14... e5 $11 15. Nde2 Nf6) 15. Na4 $16 f4 16. Nxc5 ({White should try} 16. exf4 $16 {Black must now prevent Nb6.} Nxa4 17. f5) 16... dxc5 $14 17. Ne6 Bxe6 18. dxe6 Ne5 19. Bxe5 Bxe5 20. exf4 (20. Be4 $1 $14) 20... gxf4 $11 21. Be4 {And now Qg4+ would win.} Rf6 22. Qg4+ Kh8 $1 23. Rbd1 Bd4 24. Kg2 (24. Qh4 $11 Qg8 25. Kh1) 24... Qg8 25. Bf3 Qxe6 (25... Qxg4 {keeps more tension.} 26. Bxg4 Kg7 27. Rb1 Rd8 28. Rbd1 Rdf8) 26. Qxe6 Rxe6 27. Rde1 Rxe1 28. Rxe1 fxg3 29. hxg3 {[%mdl 4096] Endgame KRB-KRB} e5 30. a4 Rf8 31. Rf1 Kg7 32. Be4 Rf6 33. f3 Rh6 34. f4 (34. Bf5 {seems wilder.} Rd6 35. Bc8 b6 36. Bf5 h6 37. Rh1) 34... exf4 35. Rxf4 Rf6 (35... Re6 {is more complex.} 36. Rg4+ Kf7 37. Rf4+ Kg8 38. Rg4+ Bg7) 36. Rxf6 {The position is equal.} Bxf6 37. Bf5 h6 38. Bc8 b6 39. Bd7 Kf8 40. Bxc6 {Weighted Error Value: White=0.13/Black=0.16} 1/2-1/2

[Event "73rd MNE-ch 2021"]
[Site "Podgorica"]
[Date "2021.05.06"]
[Round "4.5"]
[White "Potpara, Nikola"]
[Black "Scekic, Veljko"]
[Result "1/2-1/2"]
[WhiteElo "2370"]
[BlackElo "2224"]
[Annotator "TA"]
[PlyCount "40"]
[EventDate "2021.05.03"]
[EventType "swiss"]
[EventCountry "MNE"]
[SourceTitle "playchess.com"]
[Source "ChessBase"]
[SourceQuality "1"]

{[%evp 15,40,58,62,48,45,47,39,46,49,41,136,32,12,-14,6,-41,-36,-48,-35,-54,-36,-42,22,26,13,20,59]} 1. d4 d6 2. c4 Nf6 3. Nc3 g6 4. e4 Bg7 5. f3 O-O 6. Bg5 c5 7. d5 Na6 8. Qd2 Nc7 9. Nge2 {E81: King's Indian: Sämisch: 6th move deviations (including 6 Be3 c6).} e6 10. a4 exd5 11. cxd5 {White is slightly better.} h6 12. Be3 {[#]} Re8 $146 (12... Nd7 $14) ({Predecessor:} 12... Rb8 13. Nc1 Kh7 14. Be2 a6 15. Rb1 b5 16. axb5 Nxb5 17. Nxb5 axb5 18. b4 Nxe4 19. fxe4 {½-½ (53) Postny,E (2577)-Antonsen,M (2463) Copenhagen 2010}) 13. Nd1 (13. Bxh6 $16 {Black must now prevent h4.} Nxe4 {[%mdl 64] Decoy} 14. Nxe4 Qh4+ 15. g3 Qxh6 16. Qxh6 (16. Nxd6 $2 Qxd2+ 17. Kxd2 Rd8 $17) 16... Bxh6 17. Nf6+ {[%mdl 64] Double Attack} (17. Nxd6 Rd8 $15) 17... Kf8 18. Nxe8 Nxe8 19. h4) 13... b5 $14 {[%cal Bb7b5,Bb5b4][%mdl 32]} 14. Nf2 ({Much weaker is} 14. Bxh6 Nxe4 15. fxe4 Qh4+ 16. g3 Qxh6 $17) 14... Kh7 15. Nc3 b4 16. Ncd1 Bb7 {[%cal Rf6d5] aiming for ...Nfxd5!} 17. Bc4 Nd7 18. O-O Ba6 (18... f5 $15) 19. Bxa6 $11 Nxa6 20. Rc1 b3 {Weighted Error Value: White=0.20/Black=0.18} 1/2-1/2

[Event "73rd MNE-ch 2021"]
[Site "Podgorica"]
[Date "2021.05.06"]
[Round "4.5"]
[White "Popovic, Mateja"]
[Black "Lazarevic, Zoran V"]
[Result "0-1"]
[WhiteElo "1712"]
[BlackElo "2120"]
[Annotator "TA"]
[PlyCount "64"]
[EventDate "2021.05.03"]
[EventType "swiss"]
[EventCountry "MNE"]
[SourceTitle "playchess.com"]
[Source "ChessBase"]
[SourceQuality "1"]

{[%evp 15,64,5,2,0,0,-24,0,6,19,-16,-37,-164,-154,-154,-149,-187,-71,-324,-322,-377,-226,-220,-233,-690,-680,-679,-632,-630,-576,-544,-572,-758,-756,-813,-809,-804,-775,-791,-780,-671,-400,-667,-663,-650,-624,-29988,-29989,-29996,-29997,-29997,-29998]} 1. d4 c5 2. c3 d5 3. Bf4 e6 4. e3 Nf6 5. Nd2 Nc6 6. Bd3 Be7 7. h3 O-O 8. Ngf3 c4 {Recently 8...Nh5 got a lot of attention.} 9. Bc2 {D02: 1 d4 d5 2 Nf3 sidelines, including 2...Nf6 3 g3 and 2...Nf6 3 Bf4.} b5 10. Qe2 {[#]} Bb7 $146 ({Predecessor:} 10... a5 11. e4 b4 12. e5 Ne8 13. h4 f6 14. exf6 Nxf6 15. Ng5 Kh8 16. O-O Qe8 {1-0 (25) Sukandar,I (2413)-Zaichenko,D (2104) Chess.com INT 2020}) 11. e4 {The position is equal.} Re8 12. Ng5 g6 {...Nh5 is the strong threat.} 13. g4 (13. Bh2 $15) 13... dxe4 $1 $19 14. Ngxe4 Nd5 15. Bh2 {[#]} Bf8 (15... Ndb4 $1 $19 {[%mdl 512] is more deadly.} 16. O-O-O (16. cxb4 $2 Nxd4 {[%mdl 64] Double Attack} 17. Qd1 f5 $17) 16... Nxc2 17. Kxc2 {[#]} Qxd4 $1) 16. f4 $2 {[%mdl 8192]} (16. O-O $17 {might work better.}) 16... f5 17. Ng5 Nxd4 18. cxd4 Nb4 {[%mdl 64] Discovered Attack} 19. Be4 (19. Ndf3) 19... fxe4 20. Ndxe4 Nd3+ 21. Kf1 Qxd4 22. Bg1 Qg7 23. Rd1 Rad8 24. Bh2 h6 25. Nf3 Qf7 26. g5 Bxe4 27. Qxe4 h5 28. Rxd3 (28. Kg2 $142 Bg7 29. Rhf1) 28... cxd3 29. Ne5 Qf5 30. Qb7 Qxh3+ {Black mates.} 31. Kf2 Bc5+ 32. Ke1 Qe3+ {Weighted Error Value: White=1.16/Black=0.22} 0-1

[Event "73rd MNE-ch 2021"]
[Site "Podgorica"]
[Date "2021.05.06"]
[Round "4.6"]
[White "Djokovic, Mirsad"]
[Black "Podlesnik, Bogdan"]
[Result "0-1"]
[WhiteElo "2127"]
[BlackElo "2356"]
[Annotator "TA"]
[PlyCount "66"]
[EventDate "2021.05.03"]
[EventType "swiss"]
[EventCountry "MNE"]
[SourceTitle "playchess.com"]
[Source "ChessBase"]
[SourceQuality "1"]

{[%evp 12,65,-25,-31,-28,-20,-19,-25,-22,-27,-18,-78,-50,-65,-69,-67,-67,-72,-29,-77,-20,-140,-132,-153,-83,-232,-231,-286,-266,-301,-284,-372,-259,-406,-396,-407,-394,-560,-560,-731,-727,-706,-660,-806,-770,-29992,-29993,-29994,-29995,-29996,-29997,-29997,-29998,-29998,-29999,-29999]} 1. e4 c5 2. Nf3 Nc6 3. d3 g6 4. c3 d5 5. Nbd2 Bg7 6. Be2 e6 7. O-O Nge7 {C00: French: Unusual White 2nd moves.} 8. Re1 O-O 9. Nb3 b6 {Black has an edge.} 10. Bf4 e5 {[#]} 11. Bg5 $146 (11. Bg3 $11) ({Predecessor:} 11. Bd2 d4 12. c4 h6 13. h3 Kh7 14. Nh2 Ng8 15. Bf1 g5 16. g4 Nce7 17. Nc1 {½-½ (63) Palotas,K (1922)-Jager,L Hungary 2011}) 11... h6 12. Bxe7 Nxe7 13. Nfd2 a5 14. a4 Be6 15. Qc2 Rc8 (15... d4 $17) 16. c4 (16. exd5 $1 $11 {keeps the balance.} Nxd5 17. Nc4) 16... d4 $17 17. Nf1 f5 (17... Nc6 $142 18. Qb1 h5) 18. f3 {This costs White the game.} (18. exf5 $17 {is a better defense.} gxf5 19. Ng3) 18... f4 $19 19. h3 Bf6 20. Nh2 Bh4 21. Rec1 Nc6 22. Nd2 (22. Ng4 {might work better.}) 22... h5 23. Ndf1 Nb4 24. Qd2 (24. Qd1 $142) 24... Qg5 25. Kh1 {[#]} Bxh3 $1 {[%mdl 512]} 26. gxh3 Bf2 {[%csl Gf2][%cal Rg5g1]} 27. Ng4 hxg4 28. hxg4 Kg7 {Black mates.} 29. Nh2 Rh8 30. Kg2 {[#]} Rxh2+ $1 {[%mdl 512]} 31. Kxh2 Qh4+ 32. Kg2 Qg3+ 33. Kh1 Rh8# {Weighted Error Value: White=0.71/Black=0.13} 0-1

[Event "73rd MNE-ch 2021"]
[Site "Podgorica"]
[Date "2021.05.06"]
[Round "4.6"]
[White "Obadovic, Zeljko"]
[Black "Vujadinovic, Zeljko"]
[Result "1-0"]
[WhiteElo "1788"]
[BlackElo "1859"]
[Annotator "NA RC"]
[PlyCount "63"]
[EventDate "2021.05.03"]
[EventType "swiss"]
[EventCountry "MNE"]
[SourceTitle "playchess.com"]
[Source "ChessBase"]
[SourceQuality "1"]

1. e4 c6 2. d4 d5 3. exd5 cxd5 4. Bd3 Nf6 5. h3 h6 6. Nf3 e6 7. O-O Bd6 8. Re1 Nc6 9. c3 Bd7 10. Ne5 Qc7 11. f4 g5 12. fxg5 Nxe5 13. dxe5 Bc5+ 14. Kh1 hxg5 15. Bxg5 Ne4 16. Bxe4 dxe4 17. Bf6 Rf8 18. Rxe4 Bc6 19. Rg4 Be7 20. Qf1 Rd8 21. Na3 Rd5 22. Re1 Bxa3 23. bxa3 Rd2 24. Rd1 Rd7 25. h4 Rxd1 26. Qxd1 Bd5 27. h5 Qxc3 28. Kh2 Qe3 29. Qa4+ Bc6 30. Qd4 Qxd4 31. Rxd4 Bd5 32. h6 1-0